[Event "Lichtenberger Sommer"]
[Site "Berlin"]
[Date "2009.08.17"]
[Round "3.95"]
[White "Dietzel, Uwe"]
[Black "Stiewe, Frank"]
[Result "0-1"]
[WhiteElo "1739"]
[BlackElo "1372"]
[PlyCount "172"]
[EventDate "2009.??.??"]
[WhiteTeam "TSV Lichtentanne SAbt"]
[BlackTeam "vereinslos"]

1. c4 e6 2. Nf3 d5 3. e3 Nf6 4. d4 c6 5. Nc3 Bb4 6. Bd2 O-O 7. Qb3 Bxc3 8. Bxc3
Ne4 9. Bd3 Nd7 10. Qc2 Ndf6 11. Ne5 Re8 12. O-O Nd6 13. c5 Nde4 14. f3 Nxc3 15.
Qxc3 Nd7 16. f4 f6 17. Nf3 Qc7 18. Qc2 h6 19. Nh4 Nf8 20. Rf3 Qf7 21. Raf1 f5
22. R3f2 Qf6 23. Nf3 Kh8 24. g3 Bd7 25. Ne5 Re7 26. Be2 Be8 27. Rg2 h5 28. h3
g6 29. Nf3 Nh7 30. g4 Rg7 31. Rff2 Bf7 32. Qb3 Qe7 33. gxh5 gxh5 34. Rxg7 Kxg7
35. Rg2+ Kh8 36. h4 Nf6 37. Ng5 Ng4 38. Rg3 Rg8 39. Qa4 a6 40. Qa5 Bg6 41. Kg2
Nf6 42. Rh3 Ne4 43. b3 Nf6 44. Kf3 Ne4 45. Rh1 Nf6 46. Rc1 Rg7 47. Qb6 Ne4 48.
Qa7 Nxg5+ 49. fxg5 Qf8 50. Qb6 Kg8 51. Kg2 f4 52. Bf3 fxe3 53. Re1 Qf4 54. Qd8+
Kh7 55. Qf6 Qxh4 56. Rxe3 Rf7 57. Qe5 Rf5 58. Qc7+ Bf7 59. g6+ Kxg6 60. Bxh5+
Kxh5 61. Rh3 Rf2+ 62. Kg1 Qxh3 63. Kxf2 Qh4+ 64. Ke3 Qe4+ 65. Kf2 Qxd4+ 66. Ke1
Qa1+ 67. Kf2 Qxa2+ 68. Kg1 Qb1+ 69. Kh2 Qc2+ 70. Kh1 Qe4+ 71. Kh2 Qe2+ 72. Kh1
Qf3+ 73. Kh2 Kh4 74. Qd8+ Kg4 75. Qh8 Qe2+ 76. Kh1 Qe4+ 77. Kh2 Qc2+ 78. Kh1
Kg3 79. Qg7+ Bg6 80. Qe5+ Kf3 81. Qf6+ Bf5 82. Qg5 Qd1+ 83. Kh2 Qe2+ 84. Kh1
Qf1+ 85. Kh2 Qh3+ 86. Kg1 Qg3+ 0-1

[Event "Lichtenberger Sommer"]
[Site "Berlin"]
[Date "2009.08.17"]
[Round "3.97"]
[White "Glase, Johan"]
[Black "Theilig, Reinhard"]
[Result "1/2-1/2"]
[WhiteElo "964"]
[BlackElo "1559"]
[PlyCount "37"]
[EventDate "2009.??.??"]
[WhiteTeam "SC Friesen Lichtenberg e.V."]
[BlackTeam "SG TT/Wiheil"]

1. e4 c5 2. Nf3 d6 3. d4 cxd4 4. Nxd4 Nf6 5. Nc3 g6 6. Bb5+ Nbd7 7. Bg5 Bg7 8.
O-O O-O 9. Bxd7 Bxd7 10. Re1 h6 11. Bd2 Qb6 12. Nb3 Bg4 13. Qc1 Kh7 14. Nd5
Nxd5 15. exd5 Qc7 16. Re4 Bf5 17. Re2 Rfe8 18. Be3 b6 19. Nd4 1/2-1/2

[Event "Lichtenberger Sommer"]
[Site "Berlin"]
[Date "2009.08.17"]
[Round "3.99"]
[White "Lischeid, Kilian"]
[Black "Glöß, Henrik"]
[Result "0-1"]
[WhiteElo "879"]
[BlackElo "1533"]
[PlyCount "98"]
[EventDate "2009.??.??"]
[WhiteTeam "SC Friesen Lichtenberg e.V."]
[BlackTeam "Sfr. Nord-Ost Berlin"]

1. e4 c5 2. Nf3 d6 3. Nc3 a6 4. Bc4 e6 5. a3 Nc6 6. d4 cxd4 7. Nxd4 Be7 8. Nf3
b5 9. Ba2 Qc7 10. Bf4 Qd8 11. O-O e5 12. Bg3 Nf6 13. Bh4 O-O 14. g3 Bg4 15. Qd3
b4 16. Nd5 Nxd5 17. Bxd5 Rc8 18. Bxe7 Qxe7 19. h4 Qf6 20. Nh2 Bh3 21. Rfe1 Nd4
22. c3 bxc3 23. bxc3 Nb5 24. Bc4 Rc5 25. a4 Rxc4 26. Qxc4 Rc8 27. Qxc8+ Bxc8
28. axb5 axb5 29. Ng4 Qd8 30. Ra8 h5 31. Ne3 Qd7 32. Nd5 Kh7 33. Nb6 Qb7 34.
Rxc8 Qxb6 35. Rd1 Qb7 36. Rd8 Qc7 37. Rf8 Qe7 38. Rb8 Qc7 39. Rxb5 Qxc3 40.
Rdd5 Qe1+ 41. Kh2 Qxf2+ 42. Kh3 Qg1 43. Rb2 Qh1+ 44. Rh2 Qxe4 45. Rxd6 Qg4+ 46.
Kg2 e4 47. Rd4 Qf3+ 48. Kh3 e3 49. Rd3 Qf5+ 0-1

[Event "Lichtenberger Sommer"]
[Site "Berlin"]
[Date "2009.08.17"]
[Round "3.98"]
[White "Stolze, Dirk"]
[Black "Jiranek, Benno"]
[Result "1-0"]
[WhiteElo "1536"]
[BlackElo "1206"]
[PlyCount "99"]
[EventDate "2009.??.??"]
[WhiteTeam "SK Tempelhof 1931 e.V."]
[BlackTeam "SC Kreuzberg e.V."]

1. d4 d5 2. Nf3 Nf6 3. Nc3 e6 4. Bf4 a6 5. e3 Bb4 6. Bd3 c5 7. O-O Bxc3 8. bxc3
c4 9. Be2 Ne4 10. Ne5 O-O 11. Qe1 Qa5 12. Bg4 Qxc3 13. Qe2 f6 14. Nf3 Nc6 15.
a3 e5 16. Bxc8 Raxc8 17. dxe5 fxe5 18. Bg3 Rce8 19. Rfd1 d4 20. Bh4 Nc5 21. Nd2
d3 22. cxd3 cxd3 23. Qg4 e4 24. Qg3 Na5 25. Rac1 Qe5 26. Qg4 b6 27. Rb1 Rb8 28.
Rb4 Rfe8 29. Rc1 Nc6 30. Rbc4 Nd8 31. Bg3 Qe6 32. Qxe6+ Ndxe6 33. Bxb8 Rxb8 34.
Nxe4 Nxe4 35. Rxe4 Nc5 36. Rf4 Nb3 37. Rd1 Rc8 38. Rb4 Rc3 39. Kf1 d2 40. Rxb6
h6 41. Rxa6 Rc2 42. Rb6 Rc1 43. Ke2 Rc3 44. a4 Kf7 45. Rxb3 Rxb3 46. Rxd2 Ra3
47. Rd4 Ke6 48. Kf3 Ra2 49. g4 g5 50. Kg3 1-0

[Event "Lichtenberger Sommer"]
[Site "Berlin"]
[Date "2009.08.17"]
[Round "3.100"]
[White "Krüger, Stefan"]
[Black "Heyne, Klaus"]
[Result "1-0"]
[WhiteElo "1609"]
[BlackElo "1169"]
[PlyCount "29"]
[EventDate "2009.??.??"]
[WhiteTeam "SC Friesen Lichtenberg e.V."]
[BlackTeam "SC Rotation Pankow e.V."]

1. d4 d5 2. c4 e6 3. Nc3 Bb4 4. Nf3 Bxc3+ 5. bxc3 Nf6 6. e3 O-O 7. cxd5 Nxd5 8.
c4 Nf6 9. Bd3 Nbd7 10. O-O Re8 11. Bb2 b6 12. e4 e5 13. dxe5 Nxe5 14. Nxe5 Rxe5
15. Bxe5 1-0

[Event "Lichtenberger Sommer"]
[Site "Berlin"]
[Date "2009.08.17"]
[Round "3.101"]
[White "Lippianowski, Stefan"]
[Black "Küster, Manfred"]
[Result "0-1"]
[WhiteElo "936"]
[BlackElo "1903"]
[PlyCount "38"]
[EventDate "2009.??.??"]
[WhiteTeam "Treptower SV 1949 e.V."]
[BlackTeam "BSC Rehberge 1945 e.V."]

1. e4 d5 2. exd5 Qxd5 3. Nc3 Qa5 4. d4 e5 5. Nf3 Bb4 6. Bd2 Bg4 7. Qe2 Nd7 8.
h3 Bxf3 9. Qxf3 O-O-O 10. d5 f5 11. Qd3 e4 12. Qd4 Ngf6 13. Bb5 Nb6 14. Qe5
Bxc3 15. Qxf5+ Kb8 16. O-O-O Bxd2+ 17. Rxd2 Qxb5 18. Rhd1 Nc4 19. Rd4 Qxb2# 0-1

[Event "Lichtenberger Sommer"]
[Site "Berlin"]
[Date "2009.08.17"]
[Round "3.102"]
[White "Knaak, Hans"]
[Black "Fege, Julian"]
[Result "1-0"]
[WhiteElo "1753"]
[BlackElo "1007"]
[PlyCount "45"]
[EventDate "2009.??.??"]
[WhiteTeam "Forster Schachclub 95"]
[BlackTeam "SC Friesen Lichtenberg e.V."]

1. d4 d5 2. c4 Nf6 3. cxd5 Nxd5 4. Nf3 Nf6 5. Nc3 e6 6. Bg5 Be7 7. e3 Nc6 8.
Rc1 a6 9. Bd3 Bd7 10. O-O O-O 11. Bb1 Re8 12. a3 Bf8 13. e4 h6 14. Bh4 Be7 15.
Qc2 g6 16. d5 exd5 17. exd5 Nxd5 18. Nxd5 Bxh4 19. Nxh4 Qxh4 20. Nxc7 Bf5 21.
Qc3 Rac8 22. Nxe8 Nd4 23. Qe3 1-0

[Event "Lichtenberger Sommer"]
[Site "Berlin"]
[Date "2009.08.18"]
[Round "4.1"]
[White "Meister, Jakob"]
[Black "Brüdigam, Martin"]
[Result "1/2-1/2"]
[WhiteElo "2484"]
[BlackElo "2249"]
[PlyCount "116"]
[EventDate "2009.??.??"]
[WhiteTeam "SK Zehlendorf e.V."]
[BlackTeam "USV Potsdam e.V., Abt. Schach"]

1. e4 e5 2. Bc4 Nf6 3. d3 Bc5 4. Nf3 Qe7 5. O-O d6 6. Be3 Nbd7 7. Nc3 c6 8. d4
Bb4 9. Bd3 O-O 10. Re1 Re8 11. Bd2 Nf8 12. h3 Ng6 13. Nd5 Nxd5 14. exd5 Bxd2
15. Qxd2 Qf6 16. dxe5 Nxe5 17. Ng5 Bf5 18. dxc6 bxc6 19. Bxf5 Qxf5 20. Ne4 Qg6
21. Qc3 f5 22. Nd2 f4 23. f3 Re6 24. Nc4 Rae8 25. Nxe5 Rxe5 26. Rxe5 dxe5 27.
Re1 Qd6 28. a4 Qd5 29. Re4 Kf7 30. b4 g5 31. Rc4 Re6 32. Rc5 Qd1+ 33. Kh2 Qe2
34. Rxc6 Rxc6 35. Qxc6 Qe1 36. Qc5 Qg3+ 37. Kh1 Qe1+ 38. Kh2 Qg3+ 39. Kh1 Qe1+
40. Qg1 Qxb4 41. Qxa7+ Kg6 42. Kh2 Qe1 43. Qg1 Qb4 44. Qa1 e4 45. fxe4 Qxe4 46.
Qa3 Qxc2 47. a5 f3 48. Qd6+ Kh5 49. Qg3 f2 50. Qf3+ Kg6 51. a6 Qc4 52. Qxf2
Qxa6 53. Qc2+ Kg7 54. Qe4 Qd6+ 55. Kg1 Qf6 56. Qd5 Qf4 57. Qd7+ Kg6 58. Qd3+
Qf5 1/2-1/2

[Event "Lichtenberger Sommer"]
[Site "Berlin"]
[Date "2009.08.18"]
[Round "4.2"]
[White "Richter, Michael"]
[Black "Sieglen, Joachim"]
[Result "0-1"]
[WhiteElo "2427"]
[BlackElo "2339"]
[PlyCount "104"]
[EventDate "2009.??.??"]
[WhiteTeam "Schachpinguine Berlin e.V."]
[BlackTeam "SV Marbach"]

1. d4 Nf6 2. c4 c5 3. d5 b5 4. Nf3 Bb7 5. Qc2 bxc4 6. e4 e6 7. Bxc4 exd5 8.
exd5 Be7 9. Nc3 O-O 10. O-O d6 11. b3 Nbd7 12. Bb2 Nb6 13. Rad1 Rb8 14. Rfe1
Nxc4 15. bxc4 Ba6 16. Nb5 Bxb5 17. cxb5 Nd7 18. a4 Bf6 19. Bxf6 Nxf6 20. Nh4
Re8 21. Nf5 Qd7 22. h3 h6 23. g4 Kf8 24. Qd2 Rxe1+ 25. Rxe1 Re8 26. Rxe8+ Nxe8
27. Qf4 Qc7 28. Kf1 Qd7 29. h4 Qd8 30. g5 hxg5 31. hxg5 g6 32. Nh6 Qe7 33. Ng4
Ng7 34. Ne3 Nh5 35. Qg4 Qe5 36. Ke2 Nf4+ 37. Kf3 Nxd5 38. Qc8+ Kg7 39. Qa6 Qf4+
40. Ke2 Qxa4 41. Qxd6 Qxb5+ 42. Kf3 Nxe3 43. Qf6+ Kg8 44. Kxe3 Qc4 45. Qd8+ Kg7
46. Qc7 Qd4+ 47. Ke2 c4 48. f4 a6 49. Kf3 Qd5+ 50. Kg4 a5 51. Qb8 Qd4 52. Qb5
c3 0-1

[Event "Lichtenberger Sommer"]
[Site "Berlin"]
[Date "2009.08.18"]
[Round "4.3"]
[White "Plump, Detlef"]
[Black "Von Herman, Ulf"]
[Result "1/2-1/2"]
[WhiteElo "2256"]
[BlackElo "2400"]
[PlyCount "53"]
[EventDate "2009.??.??"]
[WhiteTeam "Chessclub York"]
[BlackTeam "SK König Tegel 1949 e.V."]

1. e4 e6 2. d4 d5 3. Nc3 Nf6 4. e5 Nfd7 5. f4 c5 6. Nf3 Nc6 7. Be3 Rb8 8. Qd2
Qa5 9. Ne2 b5 10. dxc5 Qxd2+ 11. Nxd2 Bxc5 12. Bxc5 Nxc5 13. Nf3 f6 14. Ned4
Nxd4 15. Nxd4 fxe5 16. fxe5 b4 17. Bd3 Bd7 18. Rf1 Ke7 19. Kd2 a5 20. Rf4 Rbf8
21. Raf1 Rxf4 22. Rxf4 Be8 23. h4 Na4 24. Kc1 Nc5 25. Kd2 Bd7 26. Rg4 Kf7 27.
Rf4+ 1/2-1/2

[Event "Lichtenberger Sommer"]
[Site "Berlin"]
[Date "2009.08.18"]
[Round "4.4"]
[White "Kachibadze, Georg"]
[Black "Muse, Drazen"]
[Result "1-0"]
[WhiteElo "2224"]
[BlackElo "2374"]
[PlyCount "37"]
[EventDate "2009.??.??"]
[WhiteTeam "SK König Tegel 1949 e.V."]
[BlackTeam "SK König Tegel 1949 e.V."]

1. e4 d6 2. d4 Nf6 3. Nc3 c6 4. f4 Qb6 5. h3 e5 6. fxe5 dxe5 7. dxe5 Bc5 8.
exf6 Bf2+ 9. Ke2 Bxg1 10. Rxg1 Qxg1 11. Qd6 gxf6 12. Be3 Qxe3+ 13. Kxe3 Be6 14.
Rd1 Nd7 15. Bc4 O-O-O 16. Bxe6 fxe6 17. Qxe6 Rhe8 18. Qf7 Rh8 19. Ne2 1-0

[Event "Lichtenberger Sommer"]
[Site "Berlin"]
[Date "2009.08.18"]
[Round "4.5"]
[White "Bach, Matthias"]
[Black "Neffe, Axel"]
[Result "1/2-1/2"]
[WhiteElo "2307"]
[BlackElo "2235"]
[PlyCount "69"]
[EventDate "2009.??.??"]
[WhiteTeam "Hamburger SK von 1830 eV"]
[BlackTeam "Queer-Springer SSV Berlin"]

1. d4 Nf6 2. c4 e6 3. g3 c5 4. Nf3 cxd4 5. Nxd4 d5 6. Bg2 e5 7. Nf3 d4 8. O-O
Nc6 9. e3 Bc5 10. exd4 exd4 11. Bf4 O-O 12. Nbd2 Re8 13. Nb3 Qb6 14. Rc1 Bg4
15. Nxc5 Qxc5 16. Qb3 Nh5 17. Qb5 Qxb5 18. cxb5 Nxf4 19. gxf4 Nb4 20. Rc4 Nd3
21. Rxd4 Nxb2 22. Ne5 Be6 23. Bxb7 Rad8 24. Rb4 Rd2 25. Nf3 Re2 26. Nd4 Nd3 27.
Nxe2 Nxb4 28. Nd4 Rb8 29. Be4 Nxa2 30. Ra1 Bc4 31. Bc6 g6 32. f5 Kg7 33. f4 Rb6
34. fxg6 hxg6 35. Kf2 1/2-1/2

[Event "Lichtenberger Sommer"]
[Site "Berlin"]
[Date "2009.08.18"]
[Round "4.6"]
[White "Rietze, Clemens"]
[Black "Klundt, Klaus"]
[Result "0-1"]
[WhiteElo "2192"]
[BlackElo "2333"]
[PlyCount "44"]
[EventDate "2009.??.??"]
[WhiteTeam "USV Potsdam e.V., Abt. Schach"]
[BlackTeam "vereinslos"]

1. d4 d5 2. c4 c6 3. Nf3 Nf6 4. Nc3 e6 5. Bg5 h6 6. Bh4 dxc4 7. e4 g5 8. Bg3 b5
9. Be2 Bb7 10. O-O Nbd7 11. Ne5 Bg7 12. Nxd7 Nxd7 13. Bd6 Qb6 14. e5 c5 15. a4
cxd4 16. a5 Qa6 17. Qxd4 O-O-O 18. Nxb5 Qxb5 19. Rfc1 Nxe5 20. Bxc4 Nxc4 21.
Rxc4+ Bc6 22. Qd3 Rxd6 0-1

[Event "Lichtenberger Sommer"]
[Site "Berlin"]
[Date "2009.08.18"]
[Round "4.7"]
[White "Carlstedt, Jonathan"]
[Black "Püschel, Werner"]
[Result "1-0"]
[WhiteElo "2309"]
[BlackElo "2167"]
[PlyCount "94"]
[EventDate "2009.??.??"]
[WhiteTeam "Hamburger SK von 1830 eV"]
[BlackTeam "SG Lasker Steglitz-Wilmersdorf"]

1. c4 Nf6 2. g3 g6 3. Bg2 Bg7 4. Nc3 O-O 5. e4 d6 6. Nge2 c6 7. d3 Bg4 8. h3
Bd7 9. O-O e5 10. f4 Na6 11. f5 gxf5 12. exf5 d5 13. Bg5 Qb6+ 14. Kh2 Nc7 15.
Qd2 dxc4 16. dxc4 Rfd8 17. Rad1 Nce8 18. Bh6 Bxf5 19. Qg5 Bg6 20. Bxg7 Kxg7 21.
Qxe5 Rxd1 22. Rxd1 Qxb2 23. Rf1 Qd2 24. c5 Qd8 25. Nd4 Kg8 26. Nf5 Bxf5 27.
Rxf5 h6 28. Qf4 Qd3 29. Ne4 Nxe4 30. Bxe4 Qe2+ 31. Bg2 Qe6 32. Re5 Qxa2 33.
Qxh6 Ng7 34. Qf6 Kf8 35. Rg5 Ne8 36. Qh8+ Ke7 37. Re5+ Kd7 38. Qf8 Rd8 39. Re7+
Kc8 40. Rxe8 Rxe8 41. Qxe8+ Kc7 42. Qe7+ Kc8 43. Qf8+ Kc7 44. Qd6+ Kc8 45. h4
a5 46. h5 a4 47. h6 Qc2 1-0

[Event "Lichtenberger Sommer"]
[Site "Berlin"]
[Date "2009.08.18"]
[Round "4.8"]
[White "Rozov, Boris"]
[Black "Kalinitschew, Sergey"]
[Result "0-1"]
[WhiteElo "2138"]
[BlackElo "2488"]
[PlyCount "56"]
[EventDate "2009.??.??"]
[WhiteTeam "vereinslos"]
[BlackTeam "SK Zehlendorf e.V."]

1. d4 Nf6 2. Nc3 d5 3. Bg5 Nbd7 4. Nf3 h6 5. Bf4 a6 6. Qd3 c5 7. e4 e6 8. exd5
exd5 9. O-O-O c4 10. Re1+ Be7 11. Qe2 Nf8 12. Nd2 Ne6 13. Be5 b5 14. f4 b4 15.
Nd1 O-O 16. Nf2 c3 17. Nf3 cxb2+ 18. Kb1 Ra7 19. g4 Ne4 20. Nxe4 dxe4 21. Qxe4
Bb7 22. d5 Bxd5 23. Qe3 Bc5 24. Qe2 Qa5 25. Bxb2 Qxa2+ 26. Kc1 Re7 27. Qd1 Nxf4
28. Rxe7 Bxe7 0-1

[Event "Lichtenberger Sommer"]
[Site "Berlin"]
[Date "2009.08.18"]
[Round "4.9"]
[White "Solonar, Stefan"]
[Black "Poseck, Steffen"]
[Result "1/2-1/2"]
[WhiteElo "2364"]
[BlackElo "2105"]
[PlyCount "39"]
[EventDate "2009.??.??"]
[WhiteTeam "SC Heusenstamm"]
[BlackTeam "BSV 63 Chemie Weißensee"]

1. c4 Nf6 2. Nc3 d5 3. cxd5 Nxd5 4. g3 g6 5. Bg2 Nxc3 6. bxc3 Bg7 7. Rb1 Nd7 8.
Nf3 O-O 9. O-O c5 10. c4 Nb6 11. d3 Bd7 12. Be3 Qc7 13. Qd2 Nc8 14. Bf4 Nd6 15.
Bh6 Bxh6 16. Qxh6 Nf5 17. Qd2 Bc6 18. Ng5 Bxg2 19. Kxg2 b6 20. Nf3 1/2-1/2

[Event "Lichtenberger Sommer"]
[Site "Berlin"]
[Date "2009.08.18"]
[Round "4.10"]
[White "Neumann, Joachim"]
[Black "Petersen, Soren Boeck"]
[Result "1/2-1/2"]
[WhiteElo "2191"]
[BlackElo "2263"]
[PlyCount "24"]
[EventDate "2009.??.??"]
[WhiteTeam "Kieler SG von 1884 / Meerbauer"]
[BlackTeam "Danmarks Radio Skakklub"]

1. e4 e6 2. d4 d5 3. Nc3 Bb4 4. Nge2 dxe4 5. a3 Be7 6. Nxe4 Nc6 7. Be3 Nf6 8.
Qd3 O-O 9. O-O-O Rb8 10. Nxf6+ Bxf6 11. d5 exd5 12. Qxd5 Qxd5 1/2-1/2

[Event "Lichtenberger Sommer"]
[Site "Berlin"]
[Date "2009.08.18"]
[Round "4.11"]
[White "Giemsa, Stephan"]
[Black "Kornrumpf, Joachim"]
[Result "1-0"]
[WhiteElo "2301"]
[BlackElo "2119"]
[PlyCount "81"]
[EventDate "2009.??.??"]
[WhiteTeam "SK König Tegel 1949 e.V."]
[BlackTeam "Preetzer TSV"]

1. d4 Nf6 2. c4 e6 3. g3 Bb4+ 4. Bd2 Be7 5. Bg2 d5 6. Nf3 O-O 7. O-O Nbd7 8.
Qc2 c6 9. Bf4 dxc4 10. Qxc4 Nb6 11. Qb3 Nbd5 12. Nc3 Nxf4 13. gxf4 Qd6 14. e3
Qb4 15. Qc2 Bd7 16. Ne5 Rac8 17. a3 Qd6 18. Rfd1 Rfd8 19. Rac1 Be8 20. b4 Qb8
21. Qb1 Nd5 22. Ne4 Bf8 23. Nc5 Rc7 24. f5 Bxc5 25. bxc5 f6 26. Nc4 Re7 27.
fxe6 Rxe6 28. Nd6 Re7 29. Qf5 Bf7 30. e4 Be6 31. Qf3 Nc7 32. d5 cxd5 33. exd5
Bd7 34. Rb1 b6 35. c6 Na6 36. Nb5 Be8 37. d6 Re5 38. c7 Nxc7 39. dxc7 Rxd1+ 40.
Qxd1 Qc8 41. Qd8 1-0

[Event "Lichtenberger Sommer"]
[Site "Berlin"]
[Date "2009.08.18"]
[Round "4.12"]
[White "Reichenbach, Werner"]
[Black "Albrecht, Rainer"]
[Result "1/2-1/2"]
[WhiteElo "2297"]
[BlackElo "2141"]
[PlyCount "67"]
[EventDate "2009.??.??"]
[WhiteTeam "SK Zehlendorf e.V."]
[BlackTeam "SC Kreuzberg e.V."]

1. e4 e6 2. d4 d5 3. Nc3 Nc6 4. Nf3 Nf6 5. e5 Ne4 6. Ne2 f6 7. exf6 Nxf6 8. Nf4
Bd6 9. Bb5 O-O 10. Bxc6 bxc6 11. Nd3 Ne4 12. Be3 Qe7 13. O-O c5 14. dxc5 Nxc5
15. Nxc5 Bxc5 16. Bxc5 Qxc5 17. Re1 Rb8 18. b3 Rb4 19. c3 Rbf4 20. Qd3 Qd6 21.
Rad1 c6 22. Re3 e5 23. Nxe5 Rxf2 24. Rde1 Rxa2 25. Nf3 Bf5 26. Qd4 Qg6 27. Nh4
Qg4 28. Qxg4 Bxg4 29. h3 Bf5 30. Nxf5 Rxf5 31. Re8+ Kf7 32. R1e7+ Kf6 33. Re6+
Kf7 34. R8e7+ 1/2-1/2

[Event "Lichtenberger Sommer"]
[Site "Berlin"]
[Date "2009.08.18"]
[Round "4.13"]
[White "Escher, Clemens"]
[Black "Keil, Uwe"]
[Result "1/2-1/2"]
[WhiteElo "2193"]
[BlackElo "2141"]
[PlyCount "67"]
[EventDate "2009.??.??"]
[WhiteTeam "SK König Tegel 1949 e.V."]
[BlackTeam "SC Friesen Lichtenberg e.V."]

1. d4 d5 2. c4 e6 3. Nc3 Nf6 4. cxd5 exd5 5. Bg5 Be7 6. e3 O-O 7. Bd3 c5 8.
dxc5 Nc6 9. Bxf6 Bxf6 10. Nxd5 Bxb2 11. Rb1 Be6 12. Nf4 Bc3+ 13. Ke2 Qf6 14.
Nxe6 fxe6 15. Nh3 Rad8 16. Qb3 Kh8 17. Rhd1 Qe5 18. Kf1 Rd7 19. Be4 Rxd1+ 20.
Rxd1 Qxe4 21. Qxc3 e5 22. Qd3 Qh4 23. Qb3 Na5 24. Qe6 Nc4 25. Kg1 h6 26. Nf4
exf4 27. Qxc4 Qh5 28. Qd5 Rf5 29. Qd8+ Kh7 30. Qd3 Kh8 31. Qd8+ Kh7 32. Qd3 Kh8
33. e4 Rxc5 34. f3 1/2-1/2

[Event "Lichtenberger Sommer"]
[Site "Berlin"]
[Date "2009.08.18"]
[Round "4.14"]
[White "Magnussen, Helge"]
[Black "Rohde, Wolfgang"]
[Result "1-0"]
[WhiteElo "2056"]
[BlackElo "2179"]
[PlyCount "67"]
[EventDate "2009.??.??"]
[WhiteTeam "SV Empor Berlin e.V."]
[BlackTeam "SC Friesen Lichtenberg e.V."]

1. d4 Nf6 2. c4 g6 3. g3 Bg7 4. Bg2 O-O 5. Nf3 d6 6. Nc3 Nc6 7. O-O a6 8. h3 e5
9. d5 Na5 10. Nd2 c5 11. dxc6 Nxc6 12. Nde4 Nxe4 13. Nxe4 Nd4 14. e3 Nf5 15. g4
Nh4 16. Bh1 h5 17. Nxd6 hxg4 18. Nxc8 Qxc8 19. Qxg4 Nf5 20. Bd5 Qc7 21. e4 Ne7
22. Be3 Rad8 23. Rad1 Nc6 24. Kh1 Ne7 25. Rg1 Nxd5 26. cxd5 Qc2 27. Rd2 Qa4 28.
b3 Qb4 29. Rc2 f5 30. Qxg6 Qxe4+ 31. Kh2 Rd7 32. Qe6+ Rdf7 33. Rc4 Qf3 34. Rh4
1-0

[Event "Lichtenberger Sommer"]
[Site "Berlin"]
[Date "2009.08.18"]
[Round "4.15"]
[White "Krajewski, Wolfgang"]
[Black "Meißner, Hans-Jürgen"]
[Result "0-1"]
[WhiteElo "2131"]
[BlackElo "2213"]
[PlyCount "74"]
[EventDate "2009.??.??"]
[WhiteTeam "SK Zehlendorf e.V."]
[BlackTeam "SV Empor Berlin e.V."]

1. d4 Nf6 2. Nf3 g6 3. c4 Bg7 4. Nc3 O-O 5. g3 d6 6. Bg2 Nbd7 7. O-O e5 8. e4
exd4 9. Nxd4 Re8 10. h3 a6 11. Be3 Rb8 12. Qc2 c5 13. Nde2 b5 14. Rad1 b4 15.
Nd5 Nxd5 16. Rxd5 Nf6 17. Rd2 Qe7 18. f3 Bb7 19. Rfd1 Red8 20. Bf4 Ne8 21. Qd3
h6 22. Kh1 a5 23. h4 Ra8 24. Qe3 Kh7 25. e5 dxe5 26. Rxd8 Rxd8 27. Rxd8 Qxd8
28. Bxe5 f6 29. Bf4 g5 30. hxg5 hxg5 31. Bh3 Bh6 32. Bf5+ Kh8 33. Bb8 Qxb8 34.
Qe7 Bxf3+ 35. Kh2 Bg7 36. Ng1 Nd6 37. Bg6 Bg4 0-1

[Event "Lichtenberger Sommer"]
[Site "Berlin"]
[Date "2009.08.18"]
[Round "4.16"]
[White "Penne, Bo"]
[Black "Elsing, Jan"]
[Result "0-1"]
[WhiteElo "2000"]
[BlackElo "2151"]
[PlyCount "58"]
[EventDate "2009.??.??"]
[WhiteTeam "USV Potsdam e.V., Abt. Schach"]
[BlackTeam "SC Friesen Lichtenberg e.V."]

1. e4 Nf6 2. Nc3 d5 3. exd5 Nxd5 4. Nxd5 Qxd5 5. d4 Nc6 6. c3 e5 7. dxe5 Qxd1+
8. Kxd1 Nxe5 9. Bf4 Bd6 10. Be2 Bf5 11. Bxe5 Bxe5 12. Nf3 O-O-O+ 13. Ke1 Rhe8
14. Rd1 Bf6 15. Rxd8+ Rxd8 16. h4 Rd6 17. Nd2 Be6 18. Bc4 Rb6 19. Bxe6+ fxe6
20. Nb3 a5 21. Rh3 a4 22. Nc5 Rxb2 23. Nxa4 Rxa2 24. Nc5 Ra5 25. Nb3 Rh5 26.
Re3 Rxh4 27. Rxe6 Bxc3+ 28. Ke2 b6 29. Re3 Bf6 0-1

[Event "Lichtenberger Sommer"]
[Site "Berlin"]
[Date "2009.08.18"]
[Round "4.17"]
[White "Hoppensack, Manfred"]
[Black "Rabiega, Robert"]
[Result "0-1"]
[WhiteElo "2029"]
[BlackElo "2551"]
[PlyCount "54"]
[EventDate "2009.??.??"]
[WhiteTeam "SC Friesen Lichtenberg e.V."]
[BlackTeam "SK König Tegel 1949 e.V."]

1. e4 e5 2. Nc3 Nf6 3. f4 d5 4. fxe5 Nxe4 5. Nf3 Bc5 6. d4 Bb4 7. Bd2 Bg4 8.
Nxe4 dxe4 9. Bxb4 exf3 10. Qd2 Qd5 11. gxf3 Bxf3 12. Rg1 Nc6 13. Bc3 O-O-O 14.
Kf2 f6 15. exf6 gxf6 16. Rg3 Be4 17. Rd1 f5 18. Kg1 Rhf8 19. h4 Rg8 20. Rg5 h6
21. Rxg8 Rxg8+ 22. Kf2 Qd6 23. Ke1 Bf3 24. Qe3 Bxd1 25. Kxd1 Rd8 26. Bd3 Nxd4
27. Bxd4 Qxd4 0-1

[Event "Lichtenberger Sommer"]
[Site "Berlin"]
[Date "2009.08.18"]
[Round "4.18"]
[White "Kühnemund, Lutz"]
[Black "Vogel, Robert"]
[Result "1/2-1/2"]
[WhiteElo "1924"]
[BlackElo "2318"]
[PlyCount "135"]
[EventDate "2009.??.??"]
[WhiteTeam "SC Friesen Lichtenberg e.V."]
[BlackTeam "SGem Pang/Rosenheim"]

1. b4 Nf6 2. Bb2 g6 3. e3 Bg7 4. Nf3 O-O 5. c4 d6 6. Be2 Nbd7 7. O-O e5 8. Nc3
Re8 9. Ne1 Nf8 10. f4 exf4 11. Rxf4 Ne6 12. Rf1 Ng5 13. Qc2 Bf5 14. Bd3 Bxd3
15. Nxd3 d5 16. cxd5 Nxd5 17. Nxd5 Qxd5 18. Bxg7 Kxg7 19. Qc3+ Kg8 20. Nf4 Qd6
21. Qc4 Rad8 22. Nh3 Nxh3+ 23. gxh3 Rd7 24. Rf2 Re5 25. h4 Qe6 26. Qxe6 Rxe6
27. Rc1 Re4 28. a3 Rxh4 29. Rc3 Rh5 30. d4 a5 31. bxa5 Rxa5 32. Rb2 c6 33. Rcb3
Ra7 34. Kf2 Kf8 35. Kf3 Ke7 36. Ke4 f6 37. Rb1 Kd8 38. R1b2 Kc8 39. Rf2 Rd6 40.
Rfb2 Rd5 41. Rf2 f5+ 42. Kf4 Rda5 43. Ra2 Kd7 44. Rb6 Ke6 45. Kg5 Kd5 46. Kf4
h6 47. h4 Ke6 48. Rab2 Kf6 49. Rxb7 Rxb7 50. Rxb7 Rxa3 51. Rb6 g5+ 52. hxg5+
hxg5+ 53. Kf3 Rc3 54. d5 Ke5 55. dxc6 f4 56. Rb5+ Kf6 57. Kf2 fxe3+ 58. Kf3 Kg6
59. Re5 Kh5 60. Rxe3 Rxc6 61. Kg3 Rc1 62. Ra3 Rg1+ 63. Kh2 Rg4 64. Kh3 Rf4 65.
Kg3 Re4 66. Rb3 Re5 67. Ra3 Kg6 68. Rf3 1/2-1/2

[Event "Lichtenberger Sommer"]
[Site "Berlin"]
[Date "2009.08.18"]
[Round "4.19"]
[White "Syska, Albert"]
[Black "Schmidt, Frank"]
[Result "1-0"]
[WhiteElo "2268"]
[BlackElo "1904"]
[PlyCount "57"]
[EventDate "2009.??.??"]
[WhiteTeam "SK 1879 HD-Handschuhsheim"]
[BlackTeam "SV Eutin von 1875"]

1. e4 d6 2. d4 Nf6 3. Nc3 g6 4. Nf3 Bg7 5. h3 O-O 6. Bg5 c6 7. Qd2 b5 8. a3 Qa5
9. Bd3 Qc7 10. O-O Nbd7 11. Rfe1 e5 12. Rad1 exd4 13. Nxd4 Ne5 14. Bf1 a6 15.
f4 Nc4 16. Bxc4 bxc4 17. Qe2 Rb8 18. Qxc4 h6 19. Bxf6 Bxf6 20. e5 dxe5 21. Nd5
Qd6 22. Qxc6 Qxd5 23. Qxd5 exd4 24. Qd6 Be6 25. Rxe6 fxe6 26. Qxe6+ Kg7 27. b4
Rbc8 28. Qd7+ Kg8 29. Qg4 1-0